<?xml version="1.0" encoding="UTF-8"?>
<collection xmlns:xsi="http://www.w3.org/2001/XMLSchema-instance" xsi:schemaLocation="http://www.loc.gov/MARC21/slim http://www.loc.gov/standards/marcxml/schema/MARC21slim.xsd" xmlns="http://www.loc.gov/MARC21/slim">
 <record>
  <leader>00000caa a22000003a 4500</leader>
  <controlfield tag="001">UP-8027390931312519909</controlfield>
  <controlfield tag="003">Buklod</controlfield>
  <controlfield tag="005">20200616115017.0</controlfield>
  <controlfield tag="006">o--- |     ||   ||</controlfield>
  <controlfield tag="007">ta</controlfield>
  <controlfield tag="008">200616s        xx     d     r    |||| u|</controlfield>
  <datafield tag="022" ind1=" " ind2=" ">
   <subfield code="a">0033-2909</subfield>
  </datafield>
  <datafield tag="035" ind1=" " ind2=" ">
   <subfield code="a">(iLib)UPCEB-00011920423</subfield>
  </datafield>
  <datafield tag="040" ind1=" " ind2=" ">
   <subfield code="a">Edz</subfield>
  </datafield>
  <datafield tag="100" ind1="1" ind2=" ">
   <subfield code="a">Bishop, Dorothy V. M.</subfield>
  </datafield>
  <datafield tag="245" ind1="0" ind2="4">
   <subfield code="a">Developmental Dyslexia and Specific Language Impairment</subfield>
   <subfield code="b">Same or Different.  (Articles ).</subfield>
  </datafield>
  <datafield tag="300" ind1=" " ind2=" ">
   <subfield code="a">pp. 858-886.</subfield>
  </datafield>
  <datafield tag="520" ind1=" " ind2=" ">
   <subfield code="a">Developmental Dyslexia and specific language impairment (SLI) were for many years treated as distinct disorders but are now often regarded as different manifestation of the same underlying problem, differing only in severity or developmental stage. The merging of these categories has been motivated by the reconceptualization of dyslexia as a language disorder in which phenological pocessing is deficient. The authors argue that this focus underestimates the independent influence of semantic and syntactic deficits, which are widespread  in SLI and which affect. reading comprehension and impair attainment of fluent reading in adolescence. The authors suggest that 2 dimensions of impairment are needed  the relationship between these disorders and to capture phenotypic features that are important for identifying neurobiologically  and etiologically coherent subgroups. --(from the author)</subfield>
  </datafield>
  <datafield tag="773" ind1="0" ind2=" ">
   <subfield code="a">Psychological Bulletin.</subfield>
   <subfield code="g">vol. 130, 6 (2004).</subfield>
  </datafield>
  <datafield tag="942" ind1=" " ind2=" ">
   <subfield code="a">Analytics</subfield>
  </datafield>
 </record>
</collection>
